| 000 | 00865nam a22002537a 4500 | ||
|---|---|---|---|
| 999 |
_c21643 _d21643 |
||
| 003 | AR-CdUCM | ||
| 008 | 190425b ||||| |||| 00| 0 spa d | ||
| 020 | _a9786124221545 | ||
| 040 |
_aMUNICIPALIDAD PROVINCIAL DEL CUSCO _cBIBLIOTECA MUNICIPAL DEL CUSCO |
||
| 082 |
_a746.042/G96 _bG96 |
||
| 100 |
_aGutiérrez, Cristina _945640 |
||
| 245 |
_aLambayeque, algodón nativo y artesanía textil / _cCristina Gutiérrez |
||
| 260 |
_aLima ; _bUniversidad de San Martín de Porres, _c2016. |
||
| 300 |
_a180 páginas. : _bilustraciones ; _c28 cm. |
||
| 500 | _zBibliografía: p. 175-180. | ||
| 650 |
_aArtesanías textiles _940189 |
||
| 650 |
_aTextileria _945641 |
||
| 650 |
_aAlgodón _945642 |
||
| 650 |
_aLambayeque. _911341 |
||
| 650 |
_aPerú _945643 |
||
| 710 |
_aUniversidad de San Martín de Porres (Lima) _93307 |
||
| 942 |
_2ddc _cLIBROS |
||
| 945 | _aRoel | ||